000
00289nam a22001337a 4500
008
170504b xxu||||| |||| 00| 0 eng d
020
_a
9780735587489
041
_a
eng
080
_a
34
100
_a
14
101
_a
shj
245
_a
CONSTITUTIONAL LAW
_c
DENNING, B.P
942
_2
udc
_c
BK
999
_c
12688
_d
12688